| 000 | 00410cam a2200157ua 4500 | ||
|---|---|---|---|
| 041 |
_amal _h |
||
| 082 |
_a894.8124 _bUDA/KO |
||
| 100 | _aUdhayabhanu, A P . | ||
| 245 |
_aKochuchakkarachi / _cA P Udhayabhanu. _hTextual Documents |
||
| 250 |
_a1 / _b. |
||
| 260 |
_aKottayam : _bSahitya Pravarthaka Co-operative Society , _c1968. |
||
| 300 | _a184 ; . | ||
| 504 | _a | ||
| 942 | _cBK | ||
| 999 |
_c12755 _d12755 |
||